000 00903nam a22002897a 4500
003 CHAP
005 20220329133854.0
008 971013s1980 r 00010 d
010 _a12073
011 _a13045
035 _a17116
040 _cCHAP
090 _aTesis
100 0 0 _aCarrera Santacruz, Ernesto.
_919408
245 _aProyecto para la instalación de cinco apiarios en el municipio de Tepechitlán, Zacatecas
260 _aMéxico, D.F. :
_bEl autor,
_c1980
300 _a93 h.
502 _aTesis (Lic. en Economía) -- UNAM. Fac. de Economía
590 _aALEPH
_b10
_c20130110
_lUCH01
_h1230
590 _aBATCH-UPD
_b10
_c20130110
_lUCH01
_h0140
590 _aBATCH-UPD
_b10
_c20130110
_lUCH01
_h2319
590 _aCONVERSION
_b10
_c20130109
_lUCH01
_h1308
650 1 4 _aApicultura
_xZacatecas.
_96284
901 _aBK
942 _cTESIS
949 _bBC
_cTES
_d-40643
_eTS1
_i17116
_si
999 _c12073
_d12073